| 000 | 00567nam a2200169 a 4500 | ||
|---|---|---|---|
| 005 | 20241203063726.0 | ||
| 008 | 991125s1975 mx 000 0 spa u | ||
| 035 | _aUPN01000002694 | ||
| 049 | _aCG | ||
| 050 | 4 |
_aLB1732 _bR3.38 |
|
| 100 | 1 | _aRazik, Taher A. | |
| 245 | 1 | 3 |
_aEl análisis de sistemas aplicado a la formación de maestros y al desarrollo del currículo / _cTaher A. Razik ; tr. María Luisa Sigg Vega. |
| 260 |
_aMéxico : _bAvante, _c1975. |
||
| 300 | _a151 p. | ||
| 650 | 4 |
_aMaestros _xFormacion profesional _vPlanes y programas _9813 |
|
| 905 | _aLibro | ||
| 999 |
_c2694 _d2694 |
||